000 01052nam a2200289Ia 4500
005 20220317000941.0
008 160801s2009 ar a g 000 1 spa
020 _a9789587048841
100 1 _aMontes, Graciela
_d1947-
245 1 0 _aHabía una vez una princesa
_cGraciela Montes ; ilustrado por Elena Torres
250 _aPrimera edición
300 _a[21] páginas sin enumerar
_bilustraciones a color
_c17 cm
490 _aAlfaguara infantil
_pPictocuentos
500 _aIncluye datos biográficos de los autores
650 1 4 _2LEMB
_aÁlbumes infantiles argentinos
_ySiglo XX
650 1 4 _2LEMB
_aLiteratura infantil argentina
_ySiglo XX
650 1 4 _2LEMB
_aPrincesas en la literatura
650 1 4 _2LEMB
_aCastillos en la literatura
700 1 _aTorres, Elena
_d1947-
_eilustradora
_999856
942 _2loc
_cBKINF
264 _aBuenos Aires
_bAlfaguara
_c2009
336 _atexto
_btxt
_2rdacontent
337 _asin mediación
_bn
_2rdamedia
338 _avolumen
_bnc
_2rdacarrier
040 _aCO-BoRNBP
_bspa
_erda
_cCO-BoRNBP
084 _aA MON2
999 _c5493
_d5493